| 000 | 00664nam a22001337a 4500 | ||
|---|---|---|---|
| 040 | _cRUA | ||
| 082 | _aATM CHO 2013 B471 Or.1 | ||
| 100 | _aCHOUN SENGHONG ; ជួន សេងហុង | ||
| 245 | _aThe using pesticde on rice in angkor borey district, takeo province, ការប្រើប្រាស់ថ្នំាកសិកម្មលើដំណំាស្រូវ នៅក្នុងស្រុកអង្គរបុរី ខេត្តតាកែវ | ||
| 260 |
_aPhnom Penh _bRUA _c2013 |
||
| 300 |
_axi ;47p. _bill. _c29cm. |
||
| 856 | _uhttps://drive.google.com/file/d/18H3msl_hRhBryJhZLojXEnLXa21mX2DA/view?usp=sharing | ||
| 942 | _cATM | ||
| 999 |
_c7599 _d7599 |
||